| 000 | 00764nam a2200265 a 4500 | ||
|---|---|---|---|
| 001 | BRL_3 | ||
| 005 | 20190320210539.0 | ||
| 008 | 890125s1987####nz-a######---#001-0#eng-# | ||
| 020 | _a0474002608 | ||
| 041 | _aeng | ||
| 044 | _anz | ||
| 050 | 4 |
_aTT848 _b.M43 1987 |
|
| 100 | 1 |
_aMead, Hirini Moko _922620 |
|
| 245 | 1 | 0 |
_aTe whatu taaniko = Taaniko weaving _cHirini Moko Mead. |
| 260 |
_aAuckland, Nueva Zelanda _bReed Methuen _creimp. 1987 |
||
| 300 |
_a95 p. _bil. _c25 cm. |
||
| 500 | _aIncluye glosario de palabras Maori e índice alfabético | ||
| 500 | _aAu30 | ||
| 504 | _aBibliografía: p. [93] | ||
| 650 | 1 | 4 |
_aTejido a mano _zNueva Zelanda _922621 |
| 650 | 1 | 4 |
_aTextiles, Maori _922622 |
| 740 | 0 | _aTaaniko weaving | |
| 902 | _aGRL | ||
| 942 |
_2lcc _cB |
||
| 999 |
_c8816 _d8816 |
||